| 000 | 004220000a22001690004500 | ||
|---|---|---|---|
| 020 | _a0-8307-0983-5 | ||
| 041 | 0 | _aENG | |
| 082 | 0 | 4 | _aG 266 B9154u |
| 245 | 1 | 0 | _aThe unfinished task / John E. Kile, Compilador |
| 260 | _aVentura, CA., USA : Regal | ||
| 300 | _a280 Pag | ||
| 001 | 7153 | ||
| 942 | _cBK | ||
| 999 |
_c37378 _d37378 |
||
| 336 |
_atexto _btxt _2rdacontent |
||
| 337 |
_2rdamedia _asin mediación _bn |
||
| 338 |
_2rdacarrier _avolumen _bnc |
||